La Organización de las Naciones Unidas
Guardat en:
| Autor principal: | |
|---|---|
| Format: | Llibre |
| Idioma: | espanyol |
| Publicat: |
Madrid
Tecnos
1974
|
| Edició: | 2a. ed |
| Col·lecció: | Semilla y Surco. Colección de Ciencias Sociales. Serie de Relaciones Internacionales
|
| Matèries: | |
| Etiquetes: |
Afegir etiqueta
Sense etiquetes, Sigues el primer a etiquetar aquest registre!
|
MARC
| LEADER | 00000nam a2200000 a 4500 | ||
|---|---|---|---|
| 001 | UCV2131 | ||
| 003 | CL-VaPUC | ||
| 008 | 911106e19740000SP |||||||||||||||||spa|d | ||
| 082 | 0 | 4 | |a 341.232 |b MED |2 21 |
| 100 | |a Medina Ortega, Manuel |e autor |9 296378 | ||
| 245 | 1 | 3 | |a La Organización de las Naciones Unidas |
| 250 | |a 2a. ed | ||
| 300 | |a 222 p | ||
| 942 | |c BK | ||
| 945 | |d 19911106 00:00:00 | ||
| 260 | |a Madrid |b Tecnos |c 1974 | ||
| 600 | 0 | 7 | |a NACIONES UNIDAS |2 CL-VaPUC |9 255446 |
| 583 | |a last modification |c 19911106 00:00:00 |k Rodrigo Vera | ||
| 490 | 0 | |a Semilla y Surco. Colección de Ciencias Sociales. Serie de Relaciones Internacionales | |
| 999 | |c 209814 |d 209812 | ||
| 952 | |0 0 |1 0 |4 0 |6 341_232000000000000_MED_1974 |7 0 |8 A |9 185605 |a BIBDER |b BIBDER |d 2019-11-14 |i 2530538 |o 341.232 MED 1974 |p 2530538 |r 2023-01-25 |w 2019-11-14 |y BK |k DER | ||